Expressionismo (Registo nº 62)

Detalhes MARC
000 -Etiqueta do registo
Cabeçalho 00748cam0a22003011n 4500
005 - Identificador da versão
Campo de controlo 20240821125023.0
010 ## - Número internacional normalizado dos livros (ISBN)
Número (ISBN) 3822872423
021 ## - Número do Depósito Legal
Código do país PT
035 ## - Other System Control Numbers
System Control Number 0000065
System Control Number 0000065
System Control Number 0000065
System Control Number 0000065
100 ## - Dados gerais de processamento
Dados gerais de processamento 20041102d1998 m e0pory5003 ba
101 1# - Língua de publicação
Língua do texto, banda sonora, etc. Português
Língua do documento no original Inglês
102 ## - Pais de publicação ou produção
País de publicação Portugal
105 ## - Campo de dados codificados: livros
Dados codificados dos livros a z 001yy
106 ## - Campo de dados codificados: material textual
Dados codificados do material textual r
200 1# - Titulo e menção de responsabilidade
Título próprio Expressionismo
Informação de outro título Uma revolução alemã na arte
Primeira menção de responsabilidade Dietmar Elgar
Outras menções de responsabilidade trad. Ruth Correia
205 ## - Menção da edição
Menção da edição 1a ed.
210 ## - Publicação, Distribuição, etc. 
Lugar da edição, distribuição, etc. Lisboa
Nome do editor, distribuidor, etc. Taschen
Data da publicação, distribuição, etc. 1998
215 ## - Descrição física 
Indicação específica da natureza do documento e extensão da espécie 255, [1] p.
Outras indicações físicas il
Dimensões cm
606 ## - Nome comum usado como assunto
Número de registo de entrada de autoridade 0000160
Palavra de ordem Expressionismo (Arte)
Subdivisão de assunto Alemanha
675 ## - Classificação Decimal Universal (CDU)
Notação 7.036.7
Edição BN
Língua da edição por
700 #1 - Nome de autor-pessoa física (responsabilidade principal)
Número de registo de entrada de autoridade 0000162
Palavra de ordem Elger
Outra parte do nome não tomada para palavra de ordem Dietmar
942 ## - Elementos de entrada adicionados (Koha)
Tipo de item no Koha Livro
966 ## - Identificação da Biblioteca
Sigla NUMETECA
Exemplares
Situação do levantamento Origin of item (home branch) (coded) Biblioteca de empréstimo Código de barras Cota Circulation type (not for loan) Tipo de documento Nota do exemplar Damaged status
  Biblioteca Escolar Eng. Nuno Mergulhão Biblioteca Escolar Eng. Nuno Mergulhão BENM797 75PIN ELG   Livro Sem mensagem